000 00251nam a22000977a 4500
999 _c261874
_d261873
020 _a9780534589660
100 _aWadsworth
245 _aPersonal Daily Log with Updated Interactive Web-sites
260 _aU.S.A
_bThompson Wadsworth
_c2004
942 _cBK